| 000 | 00526nam a2200217Ia 4500 | ||
|---|---|---|---|
| 003 | OSt | ||
| 005 | 20240402093842.0 | ||
| 008 | 210323s9999||||xx |||||||||||||| ||und|| | ||
| 040 | _cSTCPL | ||
| 041 | _aENG | ||
| 082 |
_a823 _bEPH-G |
||
| 100 | _aWilson, Ephiphanus | ||
| 245 | 4 |
_aThe great classics of india / _cby Ephiphanus Wilson |
|
| 260 |
_aDelhi : _bMittal Publications , _c1985 . |
||
| 300 |
_a467 p. _bHB |
||
| 650 | _aEnlish literature | ||
| 650 | _aFiction | ||
| 650 | _aStory | ||
| 942 | _cBK | ||
| 942 | _2ddc | ||
| 999 |
_c41410 _d41410 |
||